00637 2200217 4500001002100000005001700021008004100038035002400079082000800103090001800111100002400129245005800153250001800211260007300229300002300302500002600325650003200351850001500383985000600398999001500404YOGYA-0209000002838820090227024228.0 ind  0010-020900000028388 a297 a297bBas ClT aBASYIR, Ahmad Azhar aCitra manusia muslimcdisusun oleh Ahmad Azhar Basyir aEd. 1, cet. 3 aYogyakartabBagian penerbitan Fakultas Hukum Universitas Islamc1988 avii, 40 hlmc21 cm aBibliografi : hlm. 40 aIslam sebagai pedoman hidup aYOPDYOG(B) a1 a93P0040593